| 000 | 02035cas a2200517 a 4500 | ||
|---|---|---|---|
| 001 | 13791171 | ||
| 003 | NUST | ||
| 005 | 20220629121751.0 | ||
| 008 | 041119c19999999pk ar w 0 0eng | ||
| 010 | _a 2004439087 | ||
| 035 | _a(OCoLC)ocm56998712 | ||
| 038 | _awaseem | ||
| 040 |
_aDLC _beng _cDLC _dHVL _dOCLCQ _dOCLCF _dOCLCO _dOCLCA |
||
| 041 | 0 |
_aeng _aurd |
|
| 042 | _apcc | ||
| 043 | _aa-pk--- | ||
| 050 | 0 | 0 |
_aKPL19.A2 _bY43 |
| 082 |
_a348.5491046 _bYEA |
||
| 245 | 0 | 0 |
_aYearly Law Reporter 2010: _bconsisting judgement of High courts of Pakistan; superior courts of Azad Jammu & Kashmir and Gilgit-Baltistan on civil, criminal & revenue laws / _c Edited by Muhammad Anwar ; H.B. Tanvir ; Muhammad Wahaj Azhar ; Kashif Mir Zubair |
| 246 | 3 | 0 | _aLaw reporter |
| 246 | 1 | 3 | _aYLR |
| 260 |
_aLahore : _bP.L.D Publishers, _c2010. |
||
| 300 |
_av. ; _c24 cm. |
||
| 310 | _aAnnual | ||
| 362 | 0 | _a1999, v. 1- | |
| 500 | _a"A yearly publication consisting of approved judgments of High Courts of Pakistan and Azad Jammu and Kashmir on civil, criminal & revenue laws." | ||
| 515 | _aIssued in 3 parts, 1999-2002; in 4 parts, 2003- (called v. on spine). | ||
| 546 | _aChiefly English, some Urdu. | ||
| 588 | _aLatest issue consulted: 2005, pt. 4. | ||
| 650 | 0 |
_aLaw reports, digests, etc. _zPakistan. |
|
| 650 | 0 |
_aCivil law _zPakistan _vCases. |
|
| 650 | 0 |
_aCriminal law _zPakistan _vCases. |
|
| 650 | 0 |
_aInternal revenue law _zPakistan _vCases. |
|
| 650 | 7 |
_aCivil law. _2fast _0(OCoLC)fst00862544 |
|
| 650 | 7 |
_aCriminal law. _2fast _0(OCoLC)fst00883328 |
|
| 650 | 7 |
_aInternal revenue law. _2fast _0(OCoLC)fst00976622 |
|
| 650 | 7 |
_aLaw reports, digests, etc. _2fast _0(OCoLC)fst00994106 |
|
| 651 | 7 |
_aPakistan. _2fast _0(OCoLC)fst01210275 |
|
| 655 | 7 |
_aTrials, litigation, etc. _2fast _0(OCoLC)fst01423712 |
|
| 906 |
_a7 _bcbc _cserials _d2 _encip _f20 _gn-oclcserc |
||
| 942 |
_2ddc _cREF _s1 |
||
| 999 |
_c590254 _d590254 |
||